<?xml version="1.0" encoding="UTF-8"?>
<record
    xmlns:xsi="http://www.w3.org/2001/XMLSchema-instance"
    xsi:schemaLocation="http://www.loc.gov/MARC21/slim http://www.loc.gov/standards/marcxml/schema/MARC21slim.xsd"
    xmlns="http://www.loc.gov/MARC21/slim">

  <leader>02138agaaa2200325   4500</leader>
  <controlfield tag="001">7959</controlfield>
  <controlfield tag="003">IT-RoPAU</controlfield>
  <controlfield tag="005">20220918181241.0</controlfield>
  <controlfield tag="007">d cvaizq</controlfield>
  <controlfield tag="008">50131s9999||||xx ||| |     ||   ||und||</controlfield>
  <datafield tag="040" ind1=" " ind2=" ">
    <subfield code="a">IT-RoPAU</subfield>
    <subfield code="c">IT-RoPAU</subfield>
  </datafield>
  <datafield tag="041" ind1=" " ind2=" ">
    <subfield code="a">ITALIANO</subfield>
  </datafield>
  <datafield tag="100" ind1=" " ind2=" ">
    <subfield code="a">Rossellini Roberto</subfield>
    <subfield code="g">Codice regista SPICS: 1870</subfield>
    <subfield code="9">45426</subfield>
  </datafield>
  <datafield tag="130" ind1=" " ind2=" ">
    <subfield code="a">MESSIA (IL)</subfield>
    <subfield code="9">45427</subfield>
  </datafield>
  <datafield tag="245" ind1=" " ind2=" ">
    <subfield code="a">MESSIA (IL)</subfield>
    <subfield code="c">Prodotto da: D'Amico S. Ammar T.B -- Sceneggiatura: Rossellini Roberto D'Amico Benedico' Silvia -- Diretto da: Rossellini Roberto</subfield>
    <subfield code="p">MESSIA (IL) (Rif. Codice opera principale : H7959)</subfield>
  </datafield>
  <datafield tag="250" ind1=" " ind2=" ">
    <subfield code="a">Edizione Standard</subfield>
  </datafield>
  <datafield tag="260" ind1=" " ind2=" ">
    <subfield code="a">ROMA - PARIGI (ITALIA - FRANCIA)</subfield>
    <subfield code="b">ORIZZONTE 2000 - PROCINEX FR3 / Distribuzione: LIBRERIA SAN PAOLO</subfield>
    <subfield code="g">"1975 (1&#xB0; ed.: 2007 ; Ed. Lingua Orig.: 1975)"</subfield>
  </datafield>
  <datafield tag="300" ind1=" " ind2=" ">
    <subfield code="a">DVD</subfield>
    <subfield code="b">sonoro, col.</subfield>
    <subfield code="c">145 minuti</subfield>
  </datafield>
  <datafield tag="508" ind1=" " ind2=" ">
    <subfield code="a">"Fotografia: Montuori Mario; Montaggio: Quaglio L. Benvenuti; Musica: Nascimbene Mario; Sceneggiatura: Rossellini Roberto D'Amico Benedico' Silvia; Scenografia: Bertolini Giorgio; Soggetto: Rossellini Roberto -- D'Amico Bendico' Silvia"</subfield>
  </datafield>
  <datafield tag="511" ind1=" " ind2=" ">
    <subfield code="a">"Rossi Pier; Maria; Ungaro Mita; Amount Tina; Caprioli Vittorio; Fasano Antonella; Ucci"</subfield>
  </datafield>
  <datafield tag="520" ind1=" " ind2=" ">
    <subfield code="a">NEL DECADIMENTO DELLE ISTITUZIONI POLITICO-RELIGIOSE E DEI COSTUMI DEL POPOLO EBRAICO SI COLLOCA LA FIGURA DI GESU', PRECONIZZATO DAL BATTISTA, ATTORNIATO DAL POPOLO MUTEVOLE, DAGLI APOSTOLI, DALLA MADONNA, FRA L'INDIFFERENZA SOSPETTOSA DEI POTERI POLITICI E L'OSTILITA' DEI CAPI RELIGIOSI. IL MESSIA CAMMINA, LAVORA, PREDICA, STIMOLA GLI APOSTOLI A DIFFONDERE IL MESSAGGIO,POI SI CONCEDE ALLA VIOLENZA OMICIDA CHE LO PORTA ALLA CROCE, E INFINE RISORGE.</subfield>
  </datafield>
  <datafield tag="538" ind1=" " ind2=" ">
    <subfield code="a">PAL, STEREO</subfield>
  </datafield>
  <datafield tag="546" ind1=" " ind2=" ">
    <subfield code="a">ITALIANO</subfield>
  </datafield>
  <datafield tag="650" ind1=" " ind2=" ">
    <subfield code="a">RELIGIOSO</subfield>
    <subfield code="e">DVD-FILM [DVD]</subfield>
    <subfield code="x">Codice MATERIA SPICS: 9947</subfield>
    <subfield code="9">45428</subfield>
  </datafield>
  <datafield tag="700" ind1=" " ind2=" ">
    <subfield code="a">D'Amico Bendico' Silvia </subfield>
    <subfield code="e">(soggetto)</subfield>
    <subfield code="g">Codice Soggetto 2&#xB0; SPICS: 26922</subfield>
    <subfield code="9">45429</subfield>
  </datafield>
  <datafield tag="700" ind1=" " ind2=" ">
    <subfield code="a">Nascimbene Mario</subfield>
    <subfield code="e">(musica)</subfield>
    <subfield code="g">Codice Musica SPICS: 11469</subfield>
    <subfield code="9">45430</subfield>
  </datafield>
  <datafield tag="700" ind1=" " ind2=" ">
    <subfield code="a">Rossellini Roberto </subfield>
    <subfield code="e">(regista)</subfield>
    <subfield code="g">Codice regista SPICS: 1870</subfield>
    <subfield code="9">45431</subfield>
  </datafield>
  <datafield tag="700" ind1=" " ind2=" ">
    <subfield code="a">Rossellini Roberto </subfield>
    <subfield code="e">(soggetto)</subfield>
    <subfield code="g">Codice Soggetto SPICS: 1870</subfield>
    <subfield code="9">45432</subfield>
  </datafield>
  <datafield tag="942" ind1=" " ind2=" ">
    <subfield code="c">DV</subfield>
    <subfield code="2">ddc</subfield>
  </datafield>
  <datafield tag="999" ind1=" " ind2=" ">
    <subfield code="c">106161</subfield>
    <subfield code="d">106161</subfield>
  </datafield>
  <datafield tag="952" ind1=" " ind2=" ">
    <subfield code="0">0</subfield>
    <subfield code="1">0</subfield>
    <subfield code="4">0</subfield>
    <subfield code="6">H_7959_000000000000000</subfield>
    <subfield code="7">1</subfield>
    <subfield code="a">SPICS</subfield>
    <subfield code="b">SPICS</subfield>
    <subfield code="d">2015-01-31</subfield>
    <subfield code="l">0</subfield>
    <subfield code="o">H7959</subfield>
    <subfield code="r">2015-01-31 00:00:00</subfield>
    <subfield code="w">2015-01-31</subfield>
    <subfield code="y">DV</subfield>
    <subfield code="z">Progr. Ins.: 3640 / N.Vol.:1 / Copie: 1 / Pag.:0 / Copia rara: n.d. / date import: 1.2.2015 / By Epidotti, Trombetti, Vaglietti</subfield>
  </datafield>
</record>
